Geography Quiz

Random Geography or World Quiz

Worlds Biggest Festivals Quiz Stats

Quiz not verified by Sporcle

Challenge
Share
Tweet
Embed
Score 0/14 Timer 04:00
0 Plays Today
Festival type Place % Correct
OktoberfestMunich
78.1%
Mardi Gras festivalNew Orleans
76.6%
Notting hill carnavalLondon
76.6%
CarnavalRio de Janeiro
75.8%
Film FestivalCannes
68.8%
The running of the bullsPamplona
56.3%
3 day music fest (200,000 people)Glastonbury
39.1%
Festival type Place % Correct
Masked PartyVenice
36.7%
Fringe ComedyEdinburgh
35.2%
La TomatinaBuñol
22.7%
Full moon partyKo Pha Ngan
17.2%
cheese rolling festivalGloucester
14.8%
ZomercarnavalRotterdam
11.7%
Dimanche Gras carnavalTrinidad
1.6%

You're not logged in!

Compare scores with friends on all Sporcle quizzes.
Sign Up with Email
OR
Log In

You Might Also Like...

Show Comments

Extras

Top Quizzes Today


Score Distribution

Your Account Isn't Verified!

In order to create a playlist on Sporcle, you need to verify the email address you used during registration. Go to your Sporcle Settings to finish the process.

Report this User

Report this user for behavior that violates our Community Guidelines.

Details: